Amigas del alma /
Arturo y Lulai son amigos. Amigos del alma. Amigos de verdad. Les gustan las mismas cosas y siempre se divierten con lo mismo. Son inseparables. Hasta que un día Arturo se enfada con ella y le dice que se vaya a la China y no regrese nunca más. Esa noche Lulai llora, ¿cuándo volverá a jugar con su m...
Guardado en:
| Autor Principal: | |
|---|---|
| Otros Autores: | |
| Formato: | Libro |
| Idioma: | Undetermined |
| Publicado: |
Madrid :
Alfaguara,
2000.
|
| Series: | Derechos del niño ;
6 |
| Materias: | |
| Etiquetas: |
Agregar Etiqueta
Sin Etiquetas, Sea el primero en etiquetar este registro!
|
| LEADER | 01496nam a22002775a 4500 | ||
|---|---|---|---|
| 001 | CEM.cems021014 | ||
| 008 | 240412s2000####sp############000#0#und#d | ||
| 005 | 20240508085015.0 | ||
| 245 | 1 | 0 | |a Amigas del alma / |c Elvira Lindo ; ilustrado por Emilio Urberuaga. |
| 260 | |a Madrid : |b Alfaguara, |c 2000. | ||
| 300 | |a 32 p. | ||
| 490 | 1 | |a Derechos del niño ; |v 6 | |
| 520 | |a Arturo y Lulai son amigos. Amigos del alma. Amigos de verdad. Les gustan las mismas cosas y siempre se divierten con lo mismo. Son inseparables. Hasta que un día Arturo se enfada con ella y le dice que se vaya a la China y no regrese nunca más. Esa noche Lulai llora, ¿cuándo volverá a jugar con su mejor amigo? ¿Por qué le dijo esas cosas tan terribles? Antes de dormir, sus padres la besan y la calman. Pero al día siguiente, Lulai vuelve al colegio...donde Arturo la espera. | ||
| 020 | |a 8420458341 | ||
| 100 | 1 | |a Lindo, Elvira. | |
| 700 | 1 | |a Urberuaga, Emilio; il. | |
| 653 | |a Literatura española | ||
| 653 | |a Novela infantil | ||
| 653 | |a Literatura infantil | ||
| 653 | |a Derechos del niño | ||
| 653 | |a Amistad | ||
| 859 | |a CEMS |b BIB. CEMS - Inicial y Primaria |h 863.4 |i L645 |k IP |p 2154 |t Ej.1 | ||
| 859 | |a CEMS |b BIB. CEMS - Inicial y Primaria |h 863.4 |i L645 |k IP |p 2155 |t Ej.2 | ||
| 859 | |a CEMS |b BIB. CEMS - Inicial y Primaria |h 863.4 |i L645 |k IP |p 2156 |t Ej.3 | ||
| 859 | |a CEMS |b BIB. CEMS - Inicial y Primaria |h 863.4 |i L645 |k IP |p 2157 |t Ej.4 | ||
| 859 | |a CEMS |b BIB. CEMS - Inicial y Primaria |h 863.4 |i L645 |k IP |p 3086 |t Ej.5 | ||
